000 00719cam a2200205za 4500
005 20230403144525.0
007 ta
008 230403e201706uuxxk | |||||||0|0 eng|d
020 _a9780414058279 (pbk.) :
_c£34.81
020 _a0414058275 (pbk.) :
041 _aeng
082 0 4 _a343.41078624
245 1 0 _aJCT: Management Building Contract Guide 2016.
_bMC/G 2016
260 _aLondon :
_bSweet & Maxwell :
_b[distributor] Sweet & Maxwell Ltd :
_b[distributor] Thomson Reuters :
_b[distributor] Thomson Reuters :
_b[distributor] Academic Marketing Services (Pty),
_c2017.
490 _aJCT Contracts 2016
500 _aPaperback.
651 _aUnited Kingdom
942 _n0
999 _c121414
_d121414